000 00749cam a2200253 a 4500
001 11564
003 BD-RjUL
005 20211208235139.0
008 140127t20082000ii a b 001 0 eng d
020 _a9788120320468
035 _a(BD-RjUL)11613
040 _aDLC
_cDLC
_dDLC
_dBD-RjUL
_beng
041 _aeng
082 0 0 _a514
_221
_bMUT 2008
100 1 _aMunkres, James R.,
_d1930-
_935782
245 1 0 _aTopology /
_cJames R. Munkres.
250 _a2nd ed.
260 _aNew Delhi :
_bPrentice Hall, Inc. Pvt.Ltd.,
_cc2000 [reprinted 2008].
300 _axvi, 537 p. :
_bill. ;
_c24 cm.
504 _aIncludes bibliographical references (p. 517-518) and index.
650 0 _aTopology.
_935783
942 _2ddc
_cBK
999 _c11564
_d11564